LEADER 00646nam a2200181 i 4500 001 000000155262 003 CaOOAMICUS 005 20061106000000.0 008 061106s1965 it u000 u ita u 013 $a132611 040 $aSeMil$bita 245 10$a[2]. 300 $a333 p. :$bill. 650 4$aAlighieri, Dante <1265-1321> . Divina Commedia.$0(OLS)http://semarc/subject/338 773 0 $aTommaseo, Niccolò <1802-1874>$tCommedia di Dante Alighieri.$dMilano : A. Martello, 1965.$w()16769 850 $aSeMil 852 $aSeMil$W1$xVenegono$y1$m5M VII 22$j107099$B107099$CSeMilBibl$Z2$F116486 $8I 996 $6245$a[2]$9(OLS)http://semarc/title/54267 LEADER 00866nam a2200205 4500 001 000000333986 003 CaOOAMICUS 005 20210617121410.0 008 190612s20082010it a 000 u ita r 040 $aSeMil$bita 100 1 $aSala, Angelo.$0(OLS)http://semarc/name/114125 245 10$aPietre di fede :$bchiese e campanili della città di Lecco /$cAngelo Sala. 264 1$aLecco :$bMonte San Martino,$c2008-2010. 300 $a3 v. ;$c33 cm 774 0 $tVol. 1.$dLecco : Monte San Martino, 2008.$w()333990 774 0 $tVol. 2.$dLecco : Monte San Martino, 2009.$w()333992 774 0 $tVol. 3.$dLecco : Monte San Martino, 2010.$w()333993 996 $6245$aPietre di fede :$bchiese e campanili della città di Lecco$9(OLS)http://semarc/title/423661 996 $6264$aLecco :$bMonte San Martino$9(OLS)http://semarc/publisher/44149